000
002490000a22000970004500
100
1
_a
Ford, Leighton
245
1
0
_a
Kingdom seekers and empire builders
300
_a
Vol. 14, Núm 44 (1987), Páginas 2-4
773
0
_t
World Evangelization
942
_c
ANA
999
_c
58141
_d
58141